[Event "European Youth Chess Championship B16"]
[Site "Prague, Top Hotel Prague"]
[Date "2012.08.19"]
[Round "3.8"]
[White "Khamidov, Komil"]
[Black "Zakhartsov, Vladimir"]
[Result "1-0"]
[WhiteElo "2090"]
[BlackElo "2306"]
[PlyCount "0"]
[EventDate "2012.08.17"]

1. e4 {[%clk 1:30:57]} c5 {[%clk 1:30:57]} 2. Nf3 {[%clk 1:31:18]} Nc6
{[%clk 1:31:21]} 3. d4 {[%clk 1:31:41]} cxd4 {[%clk 1:31:46]} 4. Nxd4
{[%clk 1:32:04]} g6 {[%clk 1:32:14]} 5. Nc3 Bg7 {[%clk 1:32:40]} 6. Be3
{[%clk 1:28:31]} Nf6 {[%clk 1:33:04]} 7. Bc4 {[%clk 1:27:23]} O-O
{[%clk 1:33:27]} 8. Bb3 {[%clk 1:26:21]} d6 {[%clk 1:33:49]} 9. f3
{[%clk 1:23:27]} Bd7 {[%clk 1:33:51]} 10. Qd2 {[%clk 1:21:37]} Rc8
{[%clk 1:32:12]} 11. g4 {[%clk 1:20:31]} Ne5 {[%clk 1:24:55]} 12. h4
{[%clk 1:19:51]} Nfxg4 {[%clk 1:16:49]} 13. fxg4 {[%clk 1:18:30]} Bxg4
{[%clk 1:17:16]} 14. Nce2 {[%clk 1:15:35]} Bf3 {[%clk 1:17:25]} 15. Rf1
{[%clk 1:07:05]} Bxe4 {[%clk 1:17:47]} 16. O-O-O {[%clk 1:06:52]} Nd3+
{[%clk 0:52:01]} 17. Kb1 {[%clk 1:07:00]} Nc5 {[%clk 0:52:27]} 18. Nc3
{[%clk 1:05:09]} a5 {[%clk 0:44:49]} 19. Nxe4 {[%clk 0:52:16]} Nxe4
{[%clk 0:45:13]} 20. Qg2 {[%clk 0:52:31]} Nc5 {[%clk 0:43:29]} 21. Nf5
{[%clk 0:51:29]} a4 {[%clk 0:41:22]} 22. Bd5 {[%clk 0:43:15]} a3 {[%clk 0:28:22]}
23. Nxg7 {[%clk 0:33:11]} Qb6 {[%clk 0:26:36]} 24. Bb3 {[%clk 0:31:28]} Kxg7
{[%clk 0:26:47]} 25. Qg5 {[%clk 0:31:03]} Qc7 {[%clk 0:24:00]} 26. Bd4+
{[%clk 0:15:08]} f6 {[%clk 0:24:07]} 27. Qg2 {[%clk 0:12:17]} axb2
{[%clk 0:23:28]} 28. h5 {[%clk 0:11:05]} Nxb3 {[%clk 0:23:34]} 29. cxb3
{[%clk 0:11:07]} Qc6 {[%clk 0:23:13]} 30. Qe2 {[%clk 0:10:10]} e5
{[%clk 0:23:02]} 31. Bxb2 {[%clk 0:10:25]} d5 {[%clk 0:23:09]} 32. Rc1
{[%clk 0:05:11]} Qe6 {[%clk 0:23:21]} 33. Qb5 {[%clk 0:04:09]} Rxc1+
{[%clk 0:23:35]} 34. Rxc1 {[%clk 0:02:05]} Rf7 {[%clk 0:23:55]} 35. hxg6
{[%clk 0:00:48]} hxg6 {[%clk 0:24:22]} 36. Qa5 {[%clk 0:00:41]} Qd7
{[%clk 0:23:16]} 37. Qa8 {[%clk 0:00:33]} g5 {[%clk 0:21:25]} 38. a4
{[%clk 0:00:39]} d4 {[%clk 0:21:35]} 39. Ka2 {[%clk 0:00:38]} d3 {[%clk 0:21:43]}
40. Rh1 {[%clk 0:30:33]} Rf8 {[%clk 0:49:33]} 41. Qa5 {[%clk 0:29:44]} Kg6
{[%clk 0:46:52]} 42. Qb4 {[%clk 0:23:57]} Rf7 {[%clk 0:46:27]} 43. Qe4+
{[%clk 0:23:48]} f5 {[%clk 0:45:47]} 44. Qxe5 {[%clk 0:23:29]} d2
{[%clk 0:38:21]} 45. Qe2 {[%clk 0:22:08]} g4 {[%clk 0:30:28]} 46. Rd1
{[%clk 0:21:25]} Re7 {[%clk 0:18:27]} 47. Qf2 {[%clk 0:21:10]} Re6
{[%clk 0:16:18]} 48. Rxd2 {[%clk 0:18:11]} Rd6 {[%clk 0:16:21]} 49. Rc2
{[%clk 0:13:04]} Rd3 {[%clk 0:10:36]} 50. Qb6+ {[%clk 0:09:44]} Rd6
{[%clk 0:10:52]} 51. Qa5 {[%clk 0:09:01]} Rd5 {[%clk 0:08:14]} 52. Qc3
{[%clk 0:08:22]} Qf7 {[%clk 0:07:39]} 53. Rh2 {[%clk 0:07:31]} f4
{[%clk 0:06:02]} 54. Qc8 {[%clk 0:03:51]} g3 {[%clk 0:04:23]} 55. Rh8
{[%clk 0:03:57]} Qd7 {[%clk 0:02:11]} 56. Qf8 {[%clk 0:04:00]} Kg5
{[%clk 0:01:29]} 57. Rg8+ {[%clk 0:04:16]} Kh5 {[%clk 0:01:47]} 58. Qxf4
{[%clk 0:04:28]} Qf5 {[%clk 0:01:29]} 59. Rh8+ {[%clk 0:04:31]} Kg6
{[%clk 0:01:53]} 60. Qh6+ {[%clk 0:04:53]} 1-0

[Event "European Youth Chess Championship B16"]
[Site "Prague, Top Hotel Prague"]
[Date "2012.08.19"]
[Round "3.9"]
[White "Meng, Roger"]
[Black "Iovcov, Valerii"]
[Result "1-0"]
[WhiteElo "2291"]
[BlackElo "2191"]
[PlyCount "0"]
[EventDate "2012.08.17"]

1. d4 {[%clk 1:30:47]} d5 {[%clk 1:30:56]} 2. c4 {[%clk 1:31:02]} c6
{[%clk 1:31:23]} 3. Nf3 {[%clk 1:31:27]} Nf6 {[%clk 1:31:49]} 4. Nbd2
{[%clk 1:31:20]} e6 {[%clk 1:31:14]} 5. e3 {[%clk 1:30:28]} Nbd7 {[%clk 1:31:40]}
6. Bd3 {[%clk 1:30:26]} Be7 {[%clk 1:29:11]} 7. O-O {[%clk 1:28:22]} O-O
{[%clk 1:29:29]} 8. e4 {[%clk 1:26:44]} dxe4 {[%clk 1:28:37]} 9. Nxe4
{[%clk 1:27:09]} c5 {[%clk 1:23:05]} 10. Nxc5 {[%clk 1:24:44]} Nxc5
{[%clk 1:21:31]} 11. dxc5 {[%clk 1:24:36]} Bxc5 {[%clk 1:16:42]} 12. Bg5
{[%clk 1:20:15]} b6 {[%clk 1:10:32]} 13. Qe2 {[%clk 1:18:58]} Bb7
{[%clk 1:07:43]} 14. Rad1 {[%clk 1:18:21]} Qe7 {[%clk 1:03:01]} 15. Ne5
{[%clk 1:13:12]} Rad8 {[%clk 0:51:45]} 16. Ng4 {[%clk 0:43:57]} Bd4
{[%clk 0:36:26]} 17. Bb1 {[%clk 0:35:05]} Qc5 {[%clk 0:21:09]} 18. Nxf6+
{[%clk 0:33:19]} Bxf6 {[%clk 0:20:20]} 19. Qc2 {[%clk 0:33:22]} Qf5
{[%clk 0:20:33]} 20. Qxf5 {[%clk 0:33:46]} exf5 {[%clk 0:20:57]} 21. Bxf6
{[%clk 0:34:09]} gxf6 {[%clk 0:21:22]} 22. Bxf5 {[%clk 0:34:33]} Rfe8
{[%clk 0:20:02]} 23. Bg4 {[%clk 0:27:10]} Bc8 {[%clk 0:19:00]} 24. Rxd8
{[%clk 0:19:15]} Rxd8 {[%clk 0:19:25]} 25. Rd1 {[%clk 0:19:40]} Re8
{[%clk 0:18:19]} 26. Bxc8 {[%clk 0:17:47]} Rxc8 {[%clk 0:18:46]} 27. b3
{[%clk 0:18:10]} Kf8 {[%clk 0:13:12]} 28. Kf1 {[%clk 0:17:44]} Ke7
{[%clk 0:13:33]} 29. Rd5 {[%clk 0:17:44]} a5 {[%clk 0:12:13]} 30. a4
{[%clk 0:15:39]} Rc5 {[%clk 0:12:26]} 31. Rxc5 {[%clk 0:12:25]} bxc5
{[%clk 0:12:51]} 32. Ke2 {[%clk 0:12:52]} f5 {[%clk 0:12:50]} 33. Ke3
{[%clk 0:13:00]} Ke6 {[%clk 0:05:48]} 34. Kf4 {[%clk 0:13:12]} Kf6
{[%clk 0:06:12]} 35. f3 {[%clk 0:12:33]} h6 {[%clk 0:06:36]} 36. h4
{[%clk 0:11:21]} Ke6 {[%clk 0:03:50]} 37. g4 {[%clk 0:09:57]} fxg4
{[%clk 0:01:47]} 38. fxg4 {[%clk 0:10:25]} Kf6 {[%clk 0:01:55]} 39. h5
{[%clk 0:10:36]} Ke6 {[%clk 0:01:24]} 40. g5 {[%clk 0:40:51]} 1-0

[Event "European Youth Chess Championship B16"]
[Site "Prague, Top Hotel Prague"]
[Date "2012.08.19"]
[Round "3.10"]
[White "Laurusas, Tomas"]
[Black "Korchmar, Vasiliy"]
[Result "1/2-1/2"]
[WhiteElo "2402"]
[BlackElo "2234"]
[PlyCount "0"]
[EventDate "2012.08.17"]
1. d4 {[%clk 1:30:30]} d5 {[%clk 1:30:54]} 2. c4 {[%clk 1:30:55]} c6
{[%clk 1:31:20]} 3. Nf3 {[%clk 1:31:21]} Nf6 {[%clk 1:31:45]} 4. Qb3
{[%clk 1:31:46]} dxc4 {[%clk 1:29:48]} 5. Qxc4 {[%clk 1:30:49]} Bf5
{[%clk 1:29:57]} 6. g3 {[%clk 1:31:06]} e6 {[%clk 1:30:05]} 7. Bg2
{[%clk 1:31:28]} Be7 {[%clk 1:29:04]} 8. O-O {[%clk 1:31:50]} O-O
{[%clk 1:28:55]} 9. e3 {[%clk 1:31:59]} Nbd7 {[%clk 1:26:56]} 10. Rd1
{[%clk 1:31:25]} Rc8 {[%clk 1:22:55]} 11. Nc3 {[%clk 1:29:13]} b5
{[%clk 1:01:47]} 12. Qe2 {[%clk 1:28:43]} b4 {[%clk 0:54:08]} 13. Na4
{[%clk 1:27:47]} Qa5 {[%clk 0:53:43]} 14. b3 {[%clk 1:28:04]} c5 {[%clk 0:49:28]}
15. Ne5 {[%clk 1:26:01]} cxd4 {[%clk 0:41:21]} 16. Nc6 {[%clk 1:23:57]} Rxc6
{[%clk 0:41:46]} 17. Bxc6 {[%clk 1:24:21]} d3 {[%clk 0:42:02]} 18. Qf1
{[%clk 1:21:46]} Ne5 {[%clk 0:25:32]} 19. Bg2 {[%clk 1:21:26]} Ne4
{[%clk 0:25:37]} 20. f4 {[%clk 1:11:39]} Ng4 {[%clk 0:22:29]} 21. Rxd3
{[%clk 1:11:04]} Nc5 {[%clk 0:16:56]} 22. Nxc5 {[%clk 0:34:43]} Qxc5
{[%clk 0:16:14]} 23. Rd4 {[%clk 0:32:57]} Bf6 {[%clk 0:14:49]} 24. Qc4
{[%clk 0:33:04]} Bxd4 {[%clk 0:12:00]} 25. exd4 {[%clk 0:32:48]} Qb6
{[%clk 0:11:57]} 26. Bd2 {[%clk 0:30:24]} a5 {[%clk 0:07:39]} 27. h3
{[%clk 0:27:36]} Nf6 {[%clk 0:07:48]} 28. a3 {[%clk 0:28:01]} Be4
{[%clk 0:04:01]} 29. Bxe4 {[%clk 0:25:34]} Nxe4 {[%clk 0:04:28]} 30. Be1
{[%clk 0:25:53]} Rd8 {[%clk 0:03:12]} 31. Rd1 {[%clk 0:22:33]} bxa3
{[%clk 0:03:32]} 32. Qa4 {[%clk 0:22:59]} Rb8 {[%clk 0:02:06]} 33. Qxa3
{[%clk 0:14:47]} Qxb3 {[%clk 0:02:30]} 34. Qxb3 {[%clk 0:15:13]} Rxb3
{[%clk 0:02:58]} 35. d5 {[%clk 0:15:36]} exd5 {[%clk 0:02:35]} 36. Rxd5
{[%clk 0:15:52]} h6 {[%clk 0:02:26]} 37. Kg2 {[%clk 0:07:59]} a4 {[%clk 0:02:29]}
38. Rd4 {[%clk 0:01:35]} Re3 {[%clk 0:02:53]} 39. Bf2 {[%clk 0:01:11]} Re2
{[%clk 0:02:46]} 40. Kf3 {[%clk 0:01:39]} Rxf2+ {[%clk 0:33:08]} 41. Kxe4
{[%clk 0:32:07]} a3 {[%clk 0:32:39]} 42. Ra4 {[%clk 0:32:04]} a2 {[%clk 0:32:04]}
43. Ra8+ {[%clk 0:32:29]} Kh7 {[%clk 0:32:25]} 44. f5 {[%clk 0:30:54]} g6
{[%clk 0:27:23]} 45. fxg6+ {[%clk 0:28:45]} Kxg6 {[%clk 0:24:31]} 46. Ra6+
{[%clk 0:27:25]} Kg5 {[%clk 0:22:55]} 47. Ke3 {[%clk 0:25:02]} Rh2
{[%clk 0:22:38]} 48. Kf3 {[%clk 0:24:27]} Kf5 {[%clk 0:20:04]} 49. Ra5+
{[%clk 0:23:59]} Ke6 {[%clk 0:20:26]} 50. h4 {[%clk 0:23:58]} Kd6
{[%clk 0:18:31]} 51. Kg4 {[%clk 0:23:39]} Rf2 {[%clk 0:09:04]} 1/2-1/2

[Event "European Youth Chess Championship B16"]
[Site "Prague, Top Hotel Prague"]
[Date "2012.08.19"]
[Round "3.11"]
[White "Basso, Pier Luigi"]
[Black "Giroyan, Gary"]
[Result "0-1"]
[WhiteElo "2167"]
[BlackElo "2394"]
[PlyCount "80"]
[EventDate "2012.08.17"]

1. d4 Nf6 2. c4 e6 3. Nf3 c5 4. d5 b5 5. dxe6 fxe6 6. cxb5 a6 7. e3 Be7 8. Nc3
O-O 9. Bd3 d5 10. bxa6 Nxa6 11. Bb1 Bb7 12. Ng5 Qd6 13. Qf3 h6 14. h4 Rad8 15.
Qh3 Bc8 16. Bd2 e5 17. Bf5 Bxf5 18. Qxf5 hxg5 19. hxg5 Nh5 20. Qb1 g6 21. Nxd5
Qxd5 22. Qxg6+ Ng7 23. Ba5 Rd6 24. Qh7+ Kf7 25. e4 Qc6 26. Rh3 Bxg5 27. Rf3+
Rf6 28. Rxf6+ Qxf6 29. Rd1 Qe6 30. Bc3 Nb4 31. Kf1 Nxa2 32. Bxe5 Qxe5 33. Rd5
Qxb2 34. Kg1 Ke7 35. f3 Nb4 36. Rd1 Be3+ 37. Kh2 Qe5+ 38. g3 Qh5+ 39. Qxh5 Nxh5
40. f4 Rh8 0-1

[Event "European Youth Chess Championship B16"]
[Site "Prague, Top Hotel Prague"]
[Date "2012.08.19"]
[Round "3.12"]
[White "Georgiadis, Nico"]
[Black "Cukrowski, Filip"]
[Result "1-0"]
[WhiteElo "2345"]
[BlackElo "2154"]
[PlyCount "63"]
[EventDate "2012.08.17"]

1. e4 c5 2. Nf3 d6 3. d4 cxd4 4. Nxd4 Nf6 5. Nc3 a6 6. Bc4 e6 7. a4 Be7 8. O-O
O-O 9. Qe2 Qc7 10. Be3 Nc6 11. Rad1 Nxd4 12. Bxd4 e5 13. Be3 Be6 14. Bb3 h6 15.
f3 Rac8 16. Rd2 Bc4 17. Bxc4 Qxc4 18. Qxc4 Rxc4 19. a5 Rfc8 20. Ra1 Kf8 21. Rd3
Nd7 22. Kf2 R8c6 23. Ke2 Bd8 24. Ra3 Ke8 25. Kd1 Bg5 26. Bf2 Nc5 27. Bxc5 R4xc5
28. Rd5 Rc4 29. Rb3 Be3 30. Ne2 Bf2 31. Rxb7 Rxc2 32. Nc3 1-0

[Event "European Youth Chess Championship B16"]
[Site "Prague, Top Hotel Prague"]
[Date "2012.08.19"]
[Round "3.13"]
[White "Beradze, Irakli"]
[Black "Martins, David Pires Tavares"]
[Result "1/2-1/2"]
[WhiteElo "2331"]
[BlackElo "2123"]
[PlyCount "87"]
[EventDate "2012.08.17"]

1. e4 e6 2. d4 d5 3. Nd2 Nf6 4. e5 Nfd7 5. Bd3 c5 6. c3 Nc6 7. Ne2 cxd4 8. cxd4
f6 9. exf6 Nxf6 10. O-O Bd6 11. Nf3 Qc7 12. Nc3 a6 13. Bg5 O-O 14. Bh4 Nh5 15.
Bg3 Nxg3 16. hxg3 g6 17. Rc1 Qg7 18. Bb1 Bd7 19. Na4 Rxf3 20. gxf3 Nxd4 21. Nc5
Bxc5 22. Rxc5 Bc6 23. f4 Rf8 24. Re1 g5 25. Re5 Rxf4 26. Bxh7+ Kh8 27. Qh5 Rf6
28. Bg6+ Kg8 29. Be4 Rh6 30. Qxg5 dxe4 31. Qd8+ Kh7 32. Qxd4 e3 33. Qd3+ Kg8
34. Qd8+ Kh7 35. Qd3+ Kg8 36. Rxc6 exf2+ 37. Kxf2 bxc6 38. Qe3 Kh8 39. Kg2 Qh7
40. Qf3 Qc2+ 41. Re2 Qd1 42. Qf8+ Kh7 43. Qf7+ Kh8 44. Qf8+ 1/2-1/2

[Event "European Youth Chess Championship B16"]
[Site "Prague, Top Hotel Prague"]
[Date "2012.08.19"]
[Round "3.14"]
[White "Nuri, Murad"]
[Black "Boscolo, Federico"]
[Result "1-0"]
[WhiteElo "2097"]
[BlackElo "2328"]
[PlyCount "93"]
[EventDate "2012.08.17"]

1. e4 c5 2. Nf3 d6 3. Nc3 Nf6 4. e5 dxe5 5. Nxe5 Nbd7 6. Nc4 a6 7. a4 e6 8. Be2
Nb6 9. Nxb6 Qxb6 10. O-O Bd6 11. Bf3 Bd7 12. Re1 Qc7 13. h3 O-O-O 14. d3 Rdg8
15. Be3 g5 16. Ne4 Nxe4 17. dxe4 Bf4 18. Qd2 Bxe3 19. Rxe3 h5 20. g3 g4 21.
hxg4 h4 22. Kg2 hxg3 23. fxg3 Rh7 24. Rc3 Rgh8 25. Qf4 e5 26. Qe3 Bc6 27. Qxc5
Rh2+ 28. Kg1 Rd2 29. Rd3 Rxd3 30. cxd3 f6 31. b4 Qh7 32. Ra2 Qh3 33. Qf2 Rd8
34. b5 axb5 35. axb5 Bxb5 36. Ra8+ Kd7 37. Rxd8+ Kxd8 38. g5 fxg5 39. Qb6+ Ke7
40. Qc5+ Kf6 41. Qf8+ Ke6 42. Qg8+ Kf6 43. Qd8+ Kf7 44. Qxg5 Bxd3 45. Bh5+ Kf8
46. Qf6+ Kg8 47. Bf7+ 1-0

[Event "European Youth Chess Championship B16"]
[Site "Prague, Top Hotel Prague"]
[Date "2012.08.19"]
[Round "3.15"]
[White "Bayramov, Elkhan"]
[Black "Dastan, Muhammed Batuhan"]
[Result "0-1"]
[WhiteElo "2069"]
[BlackElo "2317"]
[PlyCount "76"]
[EventDate "2012.08.17"]

1. e4 c5 2. Nf3 d6 3. d4 Nf6 4. Nc3 cxd4 5. Nxd4 a6 6. Bc4 e6 7. Bb3 Nbd7 8.
Bg5 Qb6 9. f4 Be7 10. Qd2 Nc5 11. Bxf6 Bxf6 12. O-O-O h5 13. Rhe1 Bd7 14. e5
dxe5 15. fxe5 Be7 16. Qf4 Rf8 17. Nf5 exf5 18. Nd5 Qc6 19. e6 Nxb3+ 20. axb3
fxe6 21. Qe5 Rc8 22. c3 Rf7 23. Nf4 Qc7 24. Rxd7 Qxe5 25. Rxe7+ Rxe7 26. Rxe5
Kf7 27. h4 Rd8 28. b4 g6 29. Kc2 Kf6 30. Rc5 Red7 31. Kb3 e5 32. Nh3 e4 33. Nf4
e3 34. b5 Rd6 35. Kc4 axb5+ 36. Rxb5 Re8 37. Kc5 Rc6+ 38. Kd5 Rd8# 0-1

[Event "European Youth Chess Championship B16"]
[Site "Prague, Top Hotel Prague"]
[Date "2012.08.19"]
[Round "3.16"]
[White "Csonka, Balazs"]
[Black "Melzer, Patrik"]
[Result "0-1"]
[WhiteElo "2313"]
[BlackElo "2108"]
[PlyCount "110"]
[EventDate "2012.08.17"]

1. d4 c6 2. c4 d5 3. Nc3 e6 4. Nf3 Nf6 5. Bg5 Nbd7 6. e3 Bb4 7. cxd5 exd5 8.
Bd3 Qa5 9. Qc2 O-O 10. O-O Re8 11. Rfc1 h6 12. Bh4 Bxc3 13. bxc3 Ne4 14. c4
Ndf6 15. Ne5 Be6 16. f3 Nd6 17. c5 Nc4 18. Bxc4 dxc4 19. Bf2 b5 20. cxb6 axb6
21. Nxc4 Bxc4 22. Qxc4 Re6 23. e4 Qg5 24. Qe2 Nh5 25. Qf1 Nf4 26. Bg3 Nh5 27.
Qf2 Rg6 28. Rc2 Ra3 29. Rac1 Rxa2 30. Rxa2 Qxc1+ 31. Qe1 Qxe1+ 32. Bxe1 b5 33.
Rc2 Kf8 34. g4 Nf4 35. Bg3 Nd3 36. Rc3 Nb2 37. Ra3 Na4 38. Rb3 Ke8 39. Kf2 Kd7
40. Be5 Nb6 41. h4 h5 42. gxh5 Rh6 43. Bxg7 Rxh5 44. Bf6 Ke6 45. Bd8 Nc4 46.
d5+ cxd5 47. Rxb5 Kd7 48. Bf6 Ke6 49. Bc3 Rxh4 50. exd5+ Kd6 51. Kg2 Ne3+ 52.
Kg3 Nf5+ 53. Kf2 Nd4 54. Bb4+ Ke5 55. d6+ Nxb5 0-1

[Event "European Youth Chess Championship B16"]
[Site "Prague, Top Hotel Prague"]
[Date "2012.08.19"]
[Round "3.17"]
[White "Dobes, Vojtech"]
[Black "Grib, Roman"]
[Result "0-1"]
[WhiteElo "2060"]
[BlackElo "2309"]
[PlyCount "86"]
[EventDate "2012.08.17"]

1. e4 c5 2. Nf3 Nc6 3. d4 cxd4 4. Nxd4 g6 5. Nc3 Bg7 6. Be3 d6 7. Qd2 Nf6 8. f3
O-O 9. Bc4 Nd7 10. h4 Nb6 11. Bb3 Na5 12. O-O-O Nbc4 13. Qe2 Nxe3 14. Qxe3 h6
15. g4 Nc6 16. Nde2 Kh7 17. Kb1 a5 18. a4 Bd7 19. Rhg1 Ne5 20. h5 g5 21. f4
gxf4 22. Qxf4 Bf6 23. Nd4 Bg5 24. Qf2 Nxg4 25. Qe2 Ne5 26. Nf3 Bf6 27. Nd5 Bh8
28. Ne3 b5 29. axb5 a4 30. Bd5 Rb8 31. Nxe5 Bxe5 32. Bc4 a3 33. Ng4 Bxg4 34.
Qxg4 Qc8 35. Qxc8 Rfxc8 36. Bxf7 Rxb5 37. Bb3 axb2 38. Rd5 Ra8 39. Ba2 Rb4 40.
c3 Rba4 41. Kxb2 Rxa2+ 42. Kb3 R2a3+ 43. Kb2 Bxc3+ 0-1

[Event "European Youth Chess Championship B16"]
[Site "Prague, Top Hotel Prague"]
[Date "2012.08.19"]
[Round "3.18"]
[White "Fontaine, Quentin"]
[Black "Menezes, Christoph"]
[Result "0-1"]
[WhiteElo "1916"]
[BlackElo "2279"]
[PlyCount "62"]
[EventDate "2012.08.17"]

1. d4 g6 2. e4 d6 3. Nc3 Nf6 4. Bg5 Nbd7 5. f4 h6 6. Bh4 Nh5 7. Qf3 Nxf4 8.
Qxf4 g5 9. Qf3 gxh4 10. Bc4 e6 11. Nge2 Bg7 12. O-O O-O 13. Rad1 c5 14. dxc5
Ne5 15. Qf4 Nxc4 16. cxd6 Bd7 17. e5 Nxe5 18. Nd4 Rc8 19. Ne4 f5 20. Nf2 Kh7
21. c3 Rg8 22. Rfe1 Ng6 23. Qe3 e5 24. Nc2 Nf4 25. Qxa7 Bc6 26. Nd3 Nxg2 27.
Qf2 Qg5 28. Kf1 Nxe1 29. Ncxe1 e4 30. Nf4 Bb5+ 31. Ned3 exd3 0-1

[Event "European Youth Chess Championship B16"]
[Site "Prague, Top Hotel Prague"]
[Date "2012.08.19"]
[Round "3.19"]
[White "Lugovskoy, Maxim"]
[Black "Toman, Ondrej"]
[Result "1-0"]
[WhiteElo "2312"]
[BlackElo "2074"]
[PlyCount "67"]
[EventDate "2012.08.17"]

1. e4 c6 2. d4 d5 3. Nc3 dxe4 4. Nxe4 Bf5 5. Ng3 Bg6 6. Nf3 Nd7 7. h4 h6 8. h5
Bh7 9. Bd3 Bxd3 10. Qxd3 e6 11. Bf4 Qa5+ 12. Bd2 Qc7 13. O-O-O O-O-O 14. Ne4
Ngf6 15. g3 Nc5 16. Nxc5 Bxc5 17. Qe2 Bxd4 18. Nxd4 Rxd4 19. Bf4 Rxf4 20. gxf4
Qxf4+ 21. Kb1 Nd5 22. Rhg1 Rg8 23. Qd3 Qb4 24. c4 Nf6 25. Rxg7 Qf8 26. Rxg8
Qxg8 27. Qd4 Nxh5 28. Qxa7 Qg5 29. Qa8+ Kc7 30. Qe8 Qf5+ 31. Ka1 Kb6 32. Qd8+
Ka7 33. Rd3 b5 34. Rd7+ 1-0

[Event "European Youth Chess Championship B16"]
[Site "Prague, Top Hotel Prague"]
[Date "2012.08.19"]
[Round "3.20"]
[White "Suarez Garcia, Carlos"]
[Black "Krasovskiy, Kirill"]
[Result "1-0"]
[WhiteElo "2311"]
[BlackElo "2024"]
[PlyCount "67"]
[EventDate "2012.08.17"]

1. d4 e6 2. c4 Nf6 3. g3 d5 4. Bg2 c6 5. Qc2 Bd6 6. Nf3 Nbd7 7. O-O O-O 8. Nbd2
Re8 9. Rd1 Qc7 10. e4 dxe4 11. Nxe4 Nxe4 12. Qxe4 f5 13. Qc2 b6 14. Re1 h6 15.
b3 Bb7 16. Bb2 Qd8 17. Rad1 Rc8 18. c5 Bb8 19. b4 Nf6 20. Ne5 Nd5 21. Qb3 g5
22. a4 a6 23. cxb6 Nxb6 24. Nd3 Nd5 25. Nc5 Qb6 26. Nxe6 Bd6 27. Bxd5 cxd5 28.
Qd3 Bf8 29. Qxf5 Bg7 30. Nxg7 Kxg7 31. Qd7+ Kf8 32. b5 Rxe1+ 33. Rxe1 Qc7 34.
Re8+ 1-0

[Event "European Youth Chess Championship B16"]
[Site "Prague, Top Hotel Prague"]
[Date "2012.08.19"]
[Round "3.21"]
[White "Kessler, Luca"]
[Black "Markoja, Sebastijan"]
[Result "1-0"]
[WhiteElo "2242"]
[BlackElo "2018"]
[PlyCount "75"]
[EventDate "2012.08.17"]

1. d4 Nf6 2. c4 g6 3. Nc3 Bg7 4. e4 d6 5. Nf3 O-O 6. h3 e5 7. d5 a5 8. Bg5 Na6
9. Nd2 Qe8 10. g4 Nc5 11. Be2 h6 12. Be3 Nfd7 13. Qc2 f5 14. gxf5 gxf5 15. exf5
Nb6 16. Bxc5 Bxf5 17. Nde4 dxc5 18. O-O-O c6 19. Qb3 cxd5 20. Qxb6 dxe4 21.
Qxb7 Rd8 22. Rhg1 Rxd1+ 23. Bxd1 Qd7 24. Qb6 Kh8 25. Qxc5 Rd8 26. Qe3 Qd4 27.
Bg4 Bh7 28. Rd1 Qxe3+ 29. fxe3 Rf8 30. Rd5 Bg8 31. Rc5 Rd8 32. Nxe4 Bf8 33. Rc6
Rd3 34. Rc8 Kg7 35. Ng3 Bh7 36. Rc7+ Kg8 37. Be6+ Kh8 38. Rxh7+ 1-0

[Event "European Youth Chess Championship B16"]
[Site "Prague, Top Hotel Prague"]
[Date "2012.08.19"]
[Round "3.22"]
[White "Eggink, Mateusz"]
[Black "Samdanov, Samdan"]
[Result "0-1"]
[WhiteElo "2013"]
[BlackElo "2207"]
[PlyCount "63"]
[EventDate "2012.08.17"]

1. e4 c5 2. Nf3 d6 3. d4 cxd4 4. Nxd4 Nf6 5. Nc3 a6 6. Be2 e6 7. O-O Be7 8. Be3
Qc7 9. a4 Nc6 10. f4 O-O 11. Kh1 Re8 12. Bf3 Rb8 13. g4 Nd7 14. g5 b6 15. Nde2
b5 16. Ng3 Bf8 17. axb5 axb5 18. Qe2 Qb7 19. Qg2 b4 20. Nce2 Qc7 21. Nd4 Nxd4
22. Bxd4 e5 23. Be3 exf4 24. Bxf4 Ne5 25. Bxe5 Rxe5 26. Nf5 d5 27. Nh6+ Kh8 28.
Nxf7+ Qxf7 29. Bh5 Qe7 30. Ra7 Qd6 31. Qg3 Be6 32. Ra6 0-1

[Event "European Youth Chess Championship B16"]
[Site "Prague, Top Hotel Prague"]
[Date "2012.08.19"]
[Round "3.23"]
[White "Radovanovic, Nikola"]
[Black "Burcu, Cagatay"]
[Result "1-0"]
[WhiteElo "2184"]
[BlackElo "1992"]
[PlyCount "153"]
[EventDate "2012.08.17"]

1. d4 d5 2. c4 e6 3. Nc3 Nf6 4. cxd5 exd5 5. Bg5 Be7 6. e3 c6 7. Bd3 Nbd7 8.
Nge2 O-O 9. O-O Ne4 10. Bxe7 Qxe7 11. Qc2 f5 12. Rae1 Ndf6 13. Nf4 g5 14. Nfe2
Be6 15. f3 Nd6 16. Ng3 Qd7 17. Qd2 Qg7 18. Kh1 Rae8 19. b4 a6 20. Na4 h5 21.
Qc2 Qh7 22. Ne2 h4 23. Qd2 Qh6 24. Nac3 Nh5 25. Kg1 g4 26. fxg4 fxg4 27. Nf4
Bf5 28. Nxh5 Qxh5 29. Bxf5 Rxf5 30. Rxf5 Qxf5 31. Rf1 Qe6 32. e4 Qg6 33. exd5
cxd5 34. Nxd5 Kh7 35. Nf4 Qh6 36. d5 Kg8 37. Qd1 g3 38. hxg3 hxg3 39. Qg4+ Qg7
40. Qxg7+ Kxg7 41. Nh5+ Kg6 42. Nxg3 Kg5 43. Rf3 Re1+ 44. Kf2 Rd1 45. Re3 Rxd5
46. Ne4+ Nxe4+ 47. Rxe4 a5 48. bxa5 Rxa5 49. a4 Rc5 50. Rb4 Rc2+ 51. Kf3 Rc3+
52. Ke4 Rg3 53. Kd5 Rxg2 54. Rxb7 Ra2 55. Rb4 Kf6 56. Kc6 Ke7 57. Rd4 Ke6 58.
Kb5 Ke5 59. Rd1 Ke6 60. a5 Ra3 61. Kb6 Ra2 62. Rb1 Rd2 63. a6 Rd6+ 64. Ka5 Rd5+
65. Kb6 Rd6+ 66. Ka5 Rd5+ 67. Kb6 Rd6+ 68. Kb7 Rd7+ 69. Kb8 Rd8+ 70. Kb7 Rd7+
71. Kc8 Rh7 72. Kb8 Rh8+ 73. Kb7 Rh7+ 74. Kb6 Rd7 75. a7 Rd6+ 76. Kb7 Rd7+ 77.
Ka6 1-0

[Event "European Youth Chess Championship B16"]
[Site "Prague, Top Hotel Prague"]
[Date "2012.08.19"]
[Round "3.25"]
[White "De Vleeschauwer, Maarten"]
[Black "Haman, Jakub"]
[Result "0-1"]
[WhiteElo "1996"]
[BlackElo "2137"]
[PlyCount "58"]
[EventDate "2012.08.17"]

1. e4 g6 2. Nc3 Bg7 3. f4 c6 4. Nf3 d5 5. exd5 cxd5 6. d4 Nh6 7. Ne2 Bg4 8. Ne5
Nc6 9. c3 O-O 10. Nxg4 Nxg4 11. Ng3 h5 12. Bd3 e5 13. fxe5 Qh4 14. Qf3 Rae8 15.
Bf4 g5 16. Be3 Nxe3 17. Qxe3 Bxe5 18. Kd1 Bxd4 19. Qf3 Ne5 20. Qf5 Nxd3 21.
Qxd3 Qg4+ 22. Kc2 Bf2 23. Qxd5 Bxg3 24. hxg3 Re2+ 25. Kb3 b5 26. a3 Rfe8 27.
Raf1 Qa4+ 28. Ka2 Rxb2+ 29. Kxb2 Re2+ 0-1

[Event "European Youth Chess Championship B16"]
[Site "Prague, Top Hotel Prague"]
[Date "2012.08.19"]
[Round "3.26"]
[White "Mikes, Jan"]
[Black "Munteanu, Ali-Eduard"]
[Result "1/2-1/2"]
[WhiteElo "2125"]
[BlackElo "1982"]
[PlyCount "84"]
[EventDate "2012.08.17"]

1. e4 c5 2. Nf3 d6 3. d4 cxd4 4. Nxd4 Nf6 5. Nc3 a6 6. h3 e6 7. g4 d5 8. Bg2
Bb4 9. exd5 Nxd5 10. Nde2 O-O 11. Bd2 Nxc3 12. Bxc3 Bxc3+ 13. Nxc3 Qa5 14. O-O
Nc6 15. Qe2 e5 16. Rfe1 Re8 17. Rad1 Be6 18. Bxc6 bxc6 19. Qxe5 Qb4 20. Rb1
Red8 21. a3 Qb6 22. Ne4 Rd5 23. Qf4 h6 24. b4 Qd4 25. Re3 Kh8 26. Rd3 Qc4 27.
Rc3 Qd4 28. Qe3 Rad8 29. Re1 Qxe3 30. Rcxe3 Rd1 31. Nc5 Bc4 32. c3 R8d2 33. Kg2
Kh7 34. Kg3 g5 35. Ne4 Rd3 36. Rxd1 Rxd1 37. a4 Kg6 38. f3 f5 39. gxf5+ Kxf5
40. Nc5 h5 41. Re4 Bd5 42. Re8 Rd2 1/2-1/2